Schauspieler, die mit Gore Verbinski zusammengearbeitet haben - Statistiken

Allgemein
  • Dieses Quiz wurde 11 mal gespielt
  • Das Durchschnittsergebnis liegt bei 11 aus 45
Antwortstatistiken
Film Schauspieler/in % Korrekt
Fluch der Karibik, Pirates of the Caribbean – Fluch der Karibik 2, Pirates of the Caribbean – Am Ende der Welt, Rango, Lone Ranger Johnny Depp
100%
Fluch der Karibik, Pirates of the Caribbean – Fluch der Karibik 2, Pirates of the Caribbean – Am Ende der Welt Orlando Bloom
100%
Fluch der Karibik, Pirates of the Caribbean – Fluch der Karibik 2, Pirates of the Caribbean – Am Ende der Welt Keira Knightley
80%
Lone Ranger Armie Hammer
50%
Fluch der Karibik, Pirates of the Caribbean – Fluch der Karibik 2, Pirates of the Caribbean – Am Ende der Welt Geoffrey Rush
50%
Pirates of the Caribbean – Fluch der Karibik 2, Pirates of the Caribbean – Am Ende der Welt, Rango Bill Nighy
40%
The Mexican Brad Pitt
40%
Ring Naomi Watts
40%
The Weather Man Nicolas Cage
40%
Fluch der Karibik, Pirates of the Caribbean – Fluch der Karibik 2, Pirates of the Caribbean – Am Ende der Welt Jonathan Pryce
30%
The Mexican Julia Roberts
30%
Mäusejagd Christopher Walken
20%
A Cure for Wellness Dane DeHaan
20%
Lone Ranger Helena Bonham Carter
20%
Fluch der Karibik, Pirates of the Caribbean – Fluch der Karibik 2, Pirates of the Caribbean – Am Ende der Welt Jack Davenport
20%
Ring Martin Henderson
20%
The Weather Man Michael Caine
20%
Pirates of the Caribbean – Fluch der Karibik 2, Pirates of the Caribbean – Am Ende der Welt Naomie Harris
20%
Mäusejagd Nathan Lane
20%
Pirates of the Caribbean – Fluch der Karibik 2, Pirates of the Caribbean – Am Ende der Welt Stellan Skarsgård
20%
Pirates of the Caribbean – Fluch der Karibik 2, Pirates of the Caribbean – Am Ende der Welt Tom Hollander
20%
Fluch der Karibik Zoe Saldana
20%
Rango Abigail Breslin
10%
Rango Alfred Molina
10%
Ring Brian Cox
10%
Pirates of the Caribbean – Am Ende der Welt Chow Yun-fat
10%
Ring Daveigh Chase
10%
The Mexican Gene Hackman
10%
Rango Harry Dean Stanton
10%
Rango Isla Fisher
10%
The Mexican James Gandolfini
10%
A Cure for Wellness Jason Isaacs
10%
The Mexican J. K. Simmons
10%
Fluch der Karibik, Pirates of the Caribbean – Fluch der Karibik 2, Pirates of the Caribbean – Am Ende der Welt Kevin McNally
10%
Fluch der Karibik, Pirates of the Caribbean – Fluch der Karibik 2, Pirates of the Caribbean – Am Ende der Welt Lee Arenberg
10%
Mäusejagd Lee Evans
10%
Fluch der Karibik, Pirates of the Caribbean – Fluch der Karibik 2, Pirates of the Caribbean – Am Ende der Welt Mackenzie Crook
10%
A Cure for Wellness Mia Goth
10%
Mäusejagd Michael Jeter
10%
Rango Ned Beatty
10%
The Weather Man Nicholas Hoult
10%
Rango Ray Winstone
10%
Lone Ranger Tom Wilkinson
10%
Mäusejagd Vicki Lewis
10%
Lone Ranger William Fichtner
10%
Keine übereinstimmenden Quizze gefunden
Verteilung der Resultate
Anzahl Personen mit jedem Resultat
Perzentil nach korrekt beantworteten Fragen
Ihre Resultats-Entwicklung
Sie haben dieses Quiz noch nicht gespielt